|
|
|
|
| LEADER |
01024nam a2200325 4500 |
| 001 |
000014988 |
| 003 |
11358 |
| 005 |
20120517150537.0 |
| 008 |
120517s2005 viesd |
| 020 |
|
|
|c 38000đ
|
| 041 |
0 |
|
|a vie
|
| 082 |
|
|
|a 394.159754
|b HA-G
|
| 100 |
0 |
|
|a Hà Giao
|
| 245 |
|
0 |
|a Văn hóa ẩm thực Bình Định
|c Hà Giao, Nguyễn Phúc Liêm
|
| 260 |
|
|
|a H.
|b Thanh niên
|c 2005
|
| 300 |
|
|
|a 272 tr.
|c 19 cm
|
| 653 |
|
|
|a Văn hóa
|
| 653 |
|
|
|a Ẩm thực
|
| 653 |
|
|
|a Bình Định
|
| 700 |
|
|
|a Nguyễn Phúc Liêm
|e Tác giả
|
| OWN |
|
|
|a LSP
|
| AVA |
|
|
|a UDN50
|b LSP
|d 394.159754 HA-G
|e available
|t Error 5001 Not defined in file expand_doc_bib_avail.
|f 5
|g 0
|h N
|i 0
|k 1
|
| 999 |
|
|
|a From the UDN01
|
| AVA |
|
|
|a UDN50
|b LSP
|d 394.159754 HA-G
|e available
|t Error 5001 Not defined in file expand_doc_bib_avail.
|f 5
|g 0
|h N
|i 0
|k 1
|
| TYP |
|
|
|a Monograph
|
| TYP |
|
|
|a Printed language
|
| 980 |
|
|
|a Mạng thư viện Đại học Đà Nẵng
|